Êtes-vous rapide ? Test de rapidité JetPunk - Statistiques

Statistiques générales
  • Ce quiz a été pris 1 465 fois
  • Le résultat moyen est 7 sur 15
Statistiques - réponses
JetPunk % Correct
JetPunk
99%
JetPunk
90%
JetPunk
85%
JetPunk
78%
JetPunk
70%
JetPunk
57%
JetPunk
44%
JetPunk
32%
JetPunk
23%
JetPunk
18%
JetPunk
16%
JetPunk
14%
JetPunk
14%
JetPunk
13%
JetPunk
13%
Aucun quiz correspondant
Distribution des résultats
% des personnes avec chaque résultat
Percentile par nombre de réponses
Votre historique - résultats
Vous n’avez pas pris ce quiz